000 00555nam a2200181Ia 4500
003 GCL
008 140319s9999 xx 000 0 ara d
040 _aGCL /
_cGCL
082 0 4 _a822.009
_bع م
100 1 _aعلى الراعى
245 1 0 _aمسرح برناردشو: تحليل علمى دقيق لاصوله الفنية والفكريه /
_cعلى الراعى
300 _a423 ص
490 _a
650 0 4 _aالمسرح الامريكى
650 0 4 _aشو , برنارد
650 0 4 _aالمسرح - تاريخ ونقد
942 _2ddc
_cBK
999 _c39731
_d39731